Um rally da pesada (Record no. 189058)

MARC details
000 -LÍDER
campo de controle de tamanho fixo 00346 a2200157 4500
001 - NÚMERO DE CONTROLE
campo de controle 189058
020 ## - ISBN - INTERNATIONAL STANDARD BOOK NUMBER
ISBN - International Standard Book Number 978-85-910393-1-9
040 ## - FONTE DA CATALOGAÇÃO
Instituição que transcreveu o registro Magnum
100 ## - ENTRADA PRINCIPAL--NOME PESSOAL
Nome pessoal Santos, José Marcelo Dos
240 10 - TÍTULO UNIFORME
Título uniforme Um rally da pesada
Idioma da obra por
245 10 - TÍTULO
Título Um rally da pesada
300 ## - DESCRIÇÃO FÍSICA
Extensão 141
362 0# - DATAS DE PUBLICAÇÃO E/OU DESIGNAÇÃO SEQUENCIAL
Datas de publicação e/ou designação sequencial 2010
697 ## - ENTRADA DE ASSUNTO LOCAL--ENTIDADE COLETIVA (RLIN)
Nome corporativo ou nome da jurisdição GEOGRAFIA DO BRASIL
942 ## - ELEMENTOS DE ENTRADA ADICIONADOS (KOHA)
Tipo de material Koha Livros
Holdings
Situação do descarte Situação das perdas Situação física Não pode ser emprestado Biblioteca de origem Biblioteca atual Data de aquisição Total de empréstimos Número de chamada completo Código de barras Data de último acesso Data do preço efetivo Tipo de material Koha
        Magnum Magnum 08/06/2024   0.179 MAG00063792 08/06/2024 08/06/2024 Livros
        Magnum Magnum 08/06/2024   LI.3344 MAG00077034 08/06/2024 08/06/2024 Livros